000 00515nam a2200133 a 4500
001 000038924
005 20201002031425.0
008 130506s2013 dr 000 0 spa d
040 _aDO-SdBNP
_bspa
_cBNPHU
100 1 _aBraga, Miguel Ángel
_965192
245 1 0 _a¿Qué dice Dios en su santísima biblia sobre el matrimonio homosexsual,homosexualidad,el libianismo, el bisexualismo, y el transexualismo? /
_cMiguel Ángel Braga.
260 _aSanto Domingo :
_bMiguel Ángel Braga,
_c2013.
300 _a283 p. ;
_c22 cm.
999 _c38414
_d38414